000 005530000a22001690004500
003 MACL
005 20160315153813.0
008 160315b xxu||||| |||| 00| 0 eng d
040 _aMACL
_cMACL
041 _aHindi
082 _a891.433
100 _aप्रसाद राजेन्‍द्र
_939284
245 _aगांधीजी की देन
260 _bसस्‍ता साहित्‍य मणडल प्रकाशन
_c1953
_aनई दिल्‍ली
650 _aBiography
_946194
942 _cHIN
_k920
_2ddc
999 _c23420
_d23420